Les XI's des vainqueurs de coupe du monde - Statistiques

Statistiques générales
  • Ce quiz a été pris 158 fois
  • Le résultat moyen est 63 sur 108
Statistiques - réponses
Equipes Postes Joueurs % Correct
- Attaquant Lionel Messi
99%
- Gardien Emiliano Martinez
98%
- Gardien Hugo Lloris
98%
- Attaquant Kylian Mbappé
98%
- Attaquant Olivier Giroud
98%
- Milieu Paul Pogba
98%
France 2018 Entraineur Didier Deschamps
97%
- Milieu Didier Deschamps
97%
- Milieu Ngolo Kante
97%
- Attaquant Antoine Griezmann
96%
- Défenseur Lucas Hernandez
96%
- Défenseur Samuel Umtiti
96%
- Défenseur Benjamin Pavard
95%
- Gardien Manuel Neuer
95%
- Défenseur Raphael Varane
94%
- Milieu Blaise Matuidi
93%
- Attaquant Andres Iniesta
91%
- Gardien Iker Casillas
91%
- Milieu Xavi
91%
- Attaquant Angel Di Maria
90%
- Attaquant Thomas Muller
90%
- Attaquant Ronaldo
89%
- Défenseur Gerard Pique
88%
- Attaquant David Villa
87%
- Attaquant Ronaldinho
87%
- Milieu Sergio Busquets
87%
- Milieu Zinedine Zidane
87%
- Gardien Gianluigi Buffon
86%
- Défenseur Sergio Ramos
86%
- Défenseur Phillipp Lahm
84%
- Défenseur Carles Puyol
83%
- Gardien Fabien Barthez
83%
- Défenseur Lillian Thuram
83%
- Attaquant Miroslav Klose
83%
- Défenseur Jérôme Boateng
82%
- Défenseur Bixente Lizarazu
81%
- Milieu Emmanuel Petit
80%
- Défenseur Fabio Cannavaro
80%
Allemagne 2014 Entraineur Joachim Low
80%
- Défenseur Mats Hummels
80%
- Défenseur Marcel Desailly
79%
- Défenseur Roberto Carlos
78%
- Milieu Toni Kroos
77%
- Attaquant Julian Alvarez
76%
- Milieu Andrea Pirlo
75%
- Défenseur Nicolas Otamendi
75%
- Attaquant Rivaldo
75%
- Défenseur Marco Materazzi
74%
- Milieu Bastian Schweinsteiger
73%
France 1998 Entraineur Aimé Jacquet
72%
- Attaquant Youri Djorkaeff
72%
- Défenseur Franck Leboeuf
71%
- Attaquant Mesut Ozil
71%
- Attaquant Francesco Totti
70%
- Attaquant Pedro
70%
- Attaquant Stéphane Guivarch
70%
- Milieu Enzo Fernandez
69%
- Défenseur Cafu
67%
- Milieu Xabi Alonso
66%
- Milieu Rodrigo De Paul
65%
Espagne 2010 Entraineur Vicente Del Bosque
63%
- Défenseur Nicolas Tagliafico
62%
- Milieu Alexis Mac Allister
61%
- Milieu Christian Karembeu
59%
Argentine 2022 Entraineur Lionel Scaloni
54%
- Milieu Gennaro Gattuso
52%
- Milieu Gilberto Silva
52%
- Défenseur Joan Capdevilla
51%
- Défenseur Fabio Grosso
50%
- Milieu Mauro Silva
49%
- Milieu Lothar Matthaus
46%
- Défenseur Lucio
46%
- Défenseur Nahuel Molina
46%
- Défenseur Benedikt Howedes
45%
- Défenseur Gianluca Zambrotta
45%
- Attaquant Romario
44%
- Attaquant Luca Toni
40%
- Défenseur Cristian Romero
39%
Allemagne de l'Ouest 1990 Entraineur Franz Beckenbauer
34%
Italie 2006 Entraineur Marcello Lippi
30%
- Attaquant Bebeto
29%
- Gardien Claudio Taffarel
26%
Brésil 2002 Entraineur Luiz Felipe Scolari
25%
- Attaquant Rudi Voller
25%
- Milieu Mauro Camoranesi
22%
- Attaquant Jurgen Klinsmann
21%
- Milieu Dunga
20%
- Défenseur Edmilson
20%
- Milieu Christoph Kramer
17%
- Défenseur Andreas Brehme
10%
- Milieu Simone Perrotta
10%
- Millieu Kleberson
9%
- Défenseur Aldair
8%
- Gardien Marcos
7%
- Défenseur Jurgen Kohler
6%
- Défenseur Roque Junior
6%
- Gardien Bodo Illgner
5%
- Milieu Pierre Littbarski
4%
- Milieu Zinho
4%
- Défenseur Marcio Santos
3%
- Milieu Mazinho
3%
Brésil 1994 Entraineur Carlos Alberto Parreira
2%
- Milieu Thomas Hassler
2%
- Défenseur Branco
1%
- Défenseur Guido Buchwald
1%
- Défenseur Jorginho
1%
- Défenseur Klaus Augenthaler
1%
- Défenseur Thomas Berthold
1%
Aucun quiz correspondant
Distribution des résultats
% des personnes avec chaque résultat
Percentile par nombre de réponses
Votre historique - résultats
Vous n’avez pas pris ce quiz